000 05644cam a2200493 i 4500
999 _c63982
_d63982
001 768714001
003 CO-MdFUSB
005 20180622074845.0
008 100917s2011 enka b 001 0 eng
010 _a2010039893
020 _a9781444333442 (paperback)
020 _a9781444333435 (hardback)
020 _a1444333437 (hardback)
020 _a1444333445 (paperback)
040 _aDLC
_cCO-MdFUSB
_dYDX
_dYDXCP
_dUKM
_dUtOrBLW
_dCO-MdFUSB
_bspa
_erda
041 _aeng
042 _apcc
082 _223
_a231.7
_bM478
100 1 _aMcGrath, Alister E.,
_d1953-
_eautor
245 1 0 _aDarwinism and the divine
_b: evolutionary thought and natural theology
_c/ Alister E. McGrath.
264 1 _aOxford ;
_aMalden, MA :
_bWiley-Blackwell,
_c2011
264 4 _c©2011
300 _axiv, 298 páginas :
_bilustraciones ;
_c23 cm.
336 _a1
_ba1
_2rdacontent.
337 _a2
_b5
_2rdamedia.
338 _a2
_b5
_2rdacarrier.
490 1 _aThe Hulsean lectures ;
504 _aIncluye referencias bibliográficas e índice
505 0 _aMachine generated contents note: Contents. -- Preface. -- Introduction. -- Part One: Conceptual Clarifications. -- On the meaning of terms. -- 1. Natural Theology: A Deeper Structure to the World. -- Natural theology in the classic tradition. -- The conceptual fluidity of natural theology. -- The eternal return of natural theology. -- 2. Darwinism: A Narrative of Evolution. -- Darwinism: A Defensible Term? -- Darwinism as an Ideology. -- The metaphysical inflation of evolutionary thought. -- Conclusion to Part One. -- Part Two: Historical Exposition. -- Darwin and the English natural theology tradition. -- 3. English Natural Theology of the Augustan Age, 1690-1745. -- The Emergence of English Natural Theology. -- Newtonian Physics and Natural Theology. -- The Protestant Assumptions of English Natural Theology. -- The "Disenchantment" of Nature. -- The Cessation of Miracles in Nature. -- The Providential Guidance of Nature. -- A Foundation for Consensus: The Doctrine of Creation. -- Physico-Theology: The Appeal to Contrivance. -- Natural Theology and the Beauty of Nature. -- The problem of development within nature. -- Assessing evidence: changing public perceptions. -- 4. A Popular Classic: William Paley's Natural Theology (1802). -- Introducing Paley's Natural Theology. -- Paley's Source: Bernard Nieuwentyt's Religious Philosopher (1718). -- The Watch Analogy: The Concept of Contrivance. -- Paley on Intermediary Causes within Nature. -- The Vulnerability of Paley's Approach. -- 5. Beyond Paley: English Natural Theology, 1802-52. -- The impact of geology upon Paley's natural theology. -- Henry Brougham: A Natural Theology of the Mind. -- Evidence, Testimony, and Proof: A Shifting Context. -- A New Approach: The Bridgewater Treatises. -- John Henry Newman: The theological deficiencies of Paley. -- Robert Browning's "Caliban Upon Setebos": A Literary Critique of Paley. -- English Natural Theology on the Eve of the Darwinian Revolution. -- 6. Charles Darwin, Natural Selection, and Natural Theology. -- The Development of Darwin's Views on Natural Selection. -- Problems, Prediction and Proof: The Challenge of Natural Selection. -- Natural Selection and Natural Theology: An Assessment of Darwin's impact. -- Darwin's relation to Paley. -- Darwin on Religion. -- Design and Purpose: The Question of Teleology. -- The Benevolence of God: Providence and Animal Pain. -- Conclusion to Part Two. -- Part Three: Contemporary Discussion. -- Darwinism and natural theology. -- 7. A Wider Teleology: Design, Evolution, and Natural Theology. -- Directionality within the natural world. -- Teleology: Introducing an Idea. -- Chance, contingency, and evolutionary goals. -- The "Wider Teleology" of Evolution. -- The Inference of Design and Natural Theology. -- Suffering, Evolution, and Natural Theology. -- 8. The concept of Creation: reflections and reconsiderations. -- The Seventeenth Century: The regnant theology of creation. -- Creation as Event and Process: Augustine of Hippo. -- Evolution and an Emergent Creation. -- God's action within the evolutionary process. -- 9. Universal Darwinism: Natural Theology as an Evolutionary Outcome? -- The Darwinian Paradigm and Cultural Development. -- The God-Meme: Natural Theology and Cultural Replicators. -- Religion: Evolutionary Adaptation or Spandrel? -- Natural Theology and Evolutionary Theories of the Origins of Religion. -- Conclusion to Part Three. -- Part Four. -- Conclusion. -- 10. The Prospects for Natural Theology. -- Natural theology and the human evolutionary past. -- Natural Theology, Observational Traction, and the Best Explanation. -- A community of discernment: The church and natural theology. -- In Quest of Meaning. -- Index.
505 8 _aParte 1: Aclaraciones conceptuales: sobre el significado de los términos. -- Parte 2: Exposición histórica: Darwin y la tradición de la teología natural inglesa -- Parte 3: Debate contemporaneo: Darwinismo y teología natural -- Parte 4: El prospecto de la teología natural
600 1 0 _aDarwin, Charles,
_d1809-1882.
_tOn the origin of species.
600 1 0 _aPaley, William,
_d1743-1805.
_tNatural theology.
650 0 _aNatural theology.
650 7 _aFe y razón
_9532
650 0 _aFaith and reason.
650 0 _aEvolution (Biology)
650 0 _aEvolution (Biology)
_xReligious aspects
_xChristianity.
653 _aTeología natural
653 _aEvolución -- Biología
653 _aEvolución -- Aspectos religiosos -- Cristianismo
830 0 _aHulsean lectures ;
_v2009.
942 _cBK